|
|
|
|
| LEADER |
00000nam0a2200000 4500 |
| 001 |
1166 |
| 005 |
20231101204153.0 |
| 010 |
|
|
|a 5859170173
|
| 035 |
|
|
|a (RuTPU)RU\TPU\book\1172
|
| 035 |
|
|
|a BOOK00001174
|
| 090 |
|
|
|a 1166
|
| 100 |
|
|
|a 20011209d1995 km y0rusy50 ca
|
| 101 |
0 |
|
|a rus
|
| 102 |
|
|
|a RU
|
| 105 |
|
|
|a y z 000zy
|
| 200 |
1 |
|
|a Сила мысли. Память и уход за ней
|f В. Аткинсон
|
| 210 |
|
|
|a Москва
|c Келвори
|d 1995
|
| 215 |
|
|
|a 304 с.
|
| 330 |
|
|
|a Вполне ясных представлений о природе памяти или о законах, управляющих способностью помнить и вспоминать, мы еще не имеем, хотя нам и известно нечто в отношении обширной области разума, называемой психологами предсознательным полем мышления. Прежде думали, что разум сознает все, в нем происходящее, но лучшие современные мыслители признают теперь, что в процессе мышления самосознание является лишь незначительной частью.
|
| 423 |
|
|
|t Личный магнетизм. Лечебный магнетизм
|f В. Торнболл
|a Торнболл, Виктор
|
| 606 |
|
|
|a Память
|x Психология
|x Тренировка
|x Психофизические основы
|x Расстройства
|x Развитие
|2 stltpush
|3 (RuTPU)RU\TPU\subj\48049
|9 66928
|
| 606 |
|
|
|a Личность
|x Как социально-психологическое явление
|2 stltpush
|3 (RuTPU)RU\TPU\subj\40536
|9 60382
|
| 610 |
1 |
|
|a психология
|
| 610 |
1 |
|
|a психология памяти
|
| 610 |
1 |
|
|a личный магнетизм
|
| 686 |
|
|
|a Ю935.12
|v LBC/SL-A
|2 rubbk
|
| 686 |
|
|
|a Ю952
|v LBC/SL-A
|2 rubbk
|
| 700 |
|
1 |
|a Аткинсон
|b В.
|g Вильям
|
| 801 |
|
0 |
|a RU
|b 63413507
|c 20011209
|g PSBO
|
| 801 |
|
2 |
|a RU
|b 63413507
|c 20180216
|g PSBO
|
| 942 |
|
|
|c BK
|